La visión de Teilhard de Chardin (Record no. 144996)

MARC details
000 -LEADER
campo de control de longitud fija 00807nam a2200217 i 4500
001 - NÚMERO DE CONTROL
campo de control 144996
003 - IDENTIFICADOR DE NÚMERO DE CONTROL
campo de control ES-MaACL
005 - FECHA Y HORA DE LA ÚLTIMA TRANSACCIÓN
campo de control 20250916201055.0
007 - CAMPO FIJO DE DESCRIPCIÓN FÍSICA--INFORMACIÓN GENERAL
campo de control de longitud fija t|
008 - DATOS DE LONGITUD FIJA--INFORMACIÓN GENERAL
campo de control de longitud fija 070214s1967 sp r ||||1| spa d
100 1# - ENTRADA PRINCIPAL--NOMBRE DE PERSONA
Nombre de persona Smulders, Pierre.
9 (RLIN) 106946
245 13 - MENCIÓN DEL TÍTULO
Título La visión de Teilhard de Chardin
Resto del título : problemas teológicos de actualidad /
Mención de responsabilidad, etc. Pierre Smulders, S. J. ; [versión castellana de Fernando Alcorta].
260 ## - PUBLICACIÓN, DISTRIBUCIÓN, ETC.
Lugar de publicación, distribución, etc. Bilbao :
Nombre del editor, distribuidor, etc. Desclée de Brouwer,
Fecha de publicación, distribución, etc. 1967 (
Fabricante Gráf. Bilbao)
300 ## - DESCRIPCIÓN FÍSICA
Extensión 331 p. ;
Dimensiones 22 cm.
490 1# - MENCIÓN DE SERIE
Mención de serie Colección "Veritas et Justitia" ;
Designación de volumen o secuencia 23
600 14 - PUNTO DE ACCESO ADICIONAL DE MATERIA--NOMBRE DE PERSONA
Nombre de persona Teilhard de Chardin, Pierre,
Fechas asociadas al nombre 1881-1955
9 (RLIN) 109521
700 1# - ENTRADA AGREGADA--NOMBRE PERSONAL
Nombre de persona Alcorta, Fernando.
9 (RLIN) 19579
830 0# - PUNTO DE ACCESO ADICIONAL DE SERIE-TÍTULO UNIFORME
Título uniforme Colección "Veritas et Justitia" ;
Designación de volumen o secuencia 23
9 (RLIN) 184576
852 ## - LOCALIZACIÓN
Ubicación ES-MaACL
Número de control de estantería C-33059
Sublocalización o colección R.62942
Holdings
Estatus retirado Estado de pérdida Estado de daño No para préstamo Biblioteca de origen Biblioteca actual Ubicación en estantería Fecha de adquisición Fuente de adquisición Total de préstamos Signatura topográfica completa Código de barras Visto por última vez Precio de reemplazo Tipo de ítem Koha
        Biblioteca del Ateneo de Madrid Biblioteca del Ateneo de Madrid Depósito 2 17/01/2008     C-33059 1151327 23/02/2023 23/02/2023 Libro impreso